[Event "COL-chT"]
[Site "Risaralda"]
[Date "2023.11.19"]
[Round "2.2"]
[White "Arciniegas Castro, Santiago"]
[Black "Tovio, Israel"]
[Result "1/2-1/2"]
[WhiteElo "1985"]
[BlackElo "2223"]
[PlyCount "100"]
[EventDate "2023.11.19"]
[EventType "team-swiss"]
[EventRounds "7"]
[EventCountry "COL"]
[SourceTitle "CB49_2023"]
[SourceDate "2023.12.06"]
[SourceVersion "1"]
[SourceVersionDate "2023.12.06"]
[SourceQuality "1"]
[WhiteTeam "Santander"]
[BlackTeam "Bolivar"]
[WhiteTeamCountry "COL"]
[BlackTeamCountry "COL"]

1. d4 Nf6 2. Bf4 g6 3. e3 d6 4. Nf3 Bg7 5. Be2 0-0 6. 0-0 Nc6 7. h3 e5 8. Bh2 Qe7 9. c4 e4 10. Nfd2 Nd7 11. Nc3 f5 12. b4 Nf6 13. c5 d5 14. b5 Nd8 15. a4 Be6 16. a5 Nf7 17. Qb3 g5 18. b6 c6 19. bxa7 Rxa7 20. Qb6 Rfa8 21. a6 Nd8 22. Bd6 Qe8 23. Bb8 Nd7 24. Qxa7 Rxa7 25. Bxa7 bxa6 26. Rxa6 f4 27. Bb6 f3 28. gxf3 exf3 29. Bxf3 g4 30. hxg4 Qg6 31. Rfa1 Bxg4 32. Bxg4 Qxg4+ 33. Kf1 Ne6 34. Ra8+ Ndf8 35. Ne2 h5 36. R1a7 h4 37. Ke1 h3 38. Nf1 Ng5 39. Nh2 Qe4 40. Ng3 Qb1+ 41. Ke2 Qc2+ 42. Ke1 Qb1+ 43. Ke2 Qc2+ 44. Ke1 Ne4 45. Nxe4 Qxe4 46. Bc7 Bxd4 47. Bd6 Qb1+ 48. Ke2 Qc2+ 49. Kf3 Qe4+ 50. Ke2 Qc2+ 1/2-1/2

[Event "COL-ch"]
[Site "Cartagena"]
[Date "2023.06.10"]
[Round "5"]
[White "Tovio, Israel"]
[Black "Gamboa, Alexander"]
[Result "1-0"]
[WhiteElo "2256"]
[BlackElo "1621"]
[PlyCount "89"]
[EventDate "2023.06.08"]
[EventType "swiss"]
[EventRounds "9"]
[EventCountry "COL"]
[SourceTitle "CBM 215 Extra"]
[Source "ChessBase"]
[SourceDate "2023.09.30"]
[SourceVersion "1"]
[SourceVersionDate "2023.09.30"]
[SourceQuality "1"]

1. e4 e6 2. d3 d5 3. Nd2 Nf6 4. Ngf3 Be7 5. g3 0-0 6. Bg2 h6 7. 0-0 c5 8. Re1 Nc6 9. e5 Nh7 10. Nf1 b5 11. a4 b4 12. h4 Re8 13. Bf4 Bf8 14. Qd2 a5 15. g4 Ra7 16. Ng3 Nd4 17. Nxd4 cxd4 18. h5 Ba6 19. Ne2 Qb6 20. Nc1 Rc7 21. Nb3 Rec8 22. Rec1 Be7 23. Bg3 Nf8 24. f4 Nd7 25. Bf2 Bc5 26. Re1 f6 27. exf6 Nxf6 28. Bf3 Rf8 29. Bg3 Rcf7 30. Qg2 Bc8 31. Nxc5 Qxc5 32. Re5 Bd7 33. g5 hxg5 34. fxg5 Ne8 35. Bg4 Nc7 36. b3 Qc3 37. Rae1 Qc6 38. R5e2 Re8 39. Be5 Qc5 40. h6 g6 41. Rf1 Ref8 42. Ref2 Rxf2 43. Rxf2 Rxf2 44. Qxf2 Qe7 45. h7+ 1-0

[Event "COL-chT Rapid"]
[Site "Santa Marta"]
[Date "2022.11.03"]
[Round "2.2"]
[White "Tovio, Israel"]
[Black "Pai, Juan David"]
[Result "1-0"]
[WhiteElo "2196"]
[BlackElo "2069"]
[PlyCount "75"]
[EventDate "2022.11.02"]
[EventType "team-swiss"]
[EventRounds "7"]
[EventCountry "COL"]
[SourceTitle "CBM 211 Extra"]
[Source "ChessBase"]
[SourceDate "2023.01.31"]
[SourceVersion "1"]
[SourceVersionDate "2023.01.31"]
[SourceQuality "1"]
[WhiteTeam "Bolivar"]
[BlackTeam "Narino"]
[WhiteTeamCountry "COL"]
[BlackTeamCountry "COL"]

1. e4 c5 2. Nf3 e6 3. d3 b6 4. g3 Bb7 5. Bg2 d6 6. 0-0 Nd7 7. Nbd2 Ngf6 8. Ne1 Qc7 9. c3 Be7 10. f4 0-0 11. Qe2 Rfe8 12. Nef3 e5 13. fxe5 dxe5 14. Nh4 g6 15. Nc4 b5 16. Na3 c4 17. dxc4 bxc4 18. Kh1 Ba6 19. Nc2 Rab8 20. Rb1 Nc5 21. Nb4 Bb5 22. Bg5 Qd6 23. Bxf6 Bxf6 24. Qf3 Re6 25. Nd5 Kg7 26. Rbd1 Nd3 27. Bh3 Rbe8 28. Rd2 Bc6 29. Bxe6 Rxe6 30. Ne3 Qe7 31. Nhf5+ gxf5 32. Nxf5+ Kf8 33. Nxe7 Kxe7 34. Rxd3 cxd3 35. Qxd3 Rd6 36. Qc4 Bd7 37. Qb4 Bg4 38. Rxf6 1-0

[Event "COL-chT Blitz"]
[Site "Santander"]
[Date "2022.09.10"]
[Round "4.2"]
[White "Lopez Rayo, Santiago"]
[Black "Tovio, Israel"]
[Result "1-0"]
[WhiteElo "2116"]
[BlackElo "2215"]
[PlyCount "52"]
[EventDate "2022.09.10"]
[EventType "team-swiss (blitz)"]
[EventRounds "9"]
[EventCountry "COL"]
[SourceTitle "EXT 2023"]
[Source "ChessBase"]
[SourceDate "2022.10.05"]
[SourceVersion "1"]
[SourceVersionDate "2022.10.05"]
[SourceQuality "1"]
[WhiteTeam "Valle"]
[BlackTeam "Bolivar"]
[WhiteTeamCountry "COL"]
[BlackTeamCountry "COL"]

1. e4 c5 2. Nf3 Nf6 3. e5 Nd5 4. Nc3 e6 5. Nxd5 exd5 6. d4 Nc6 7. c3 d6 8. exd6 Bxd6 9. Be2 0-0 10. 0-0 Bf5 11. Be3 c4 12. b3 b5 13. Nd2 Bc7 14. Re1 Qd6 15. g3 Qf6 16. Bf3 Rfd8 17. a4 cxb3 18. Qxb3 bxa4 19. Qxa4 Bb6 20. Qa2 Be6 21. Bg2 Rac8 22. Nb3 h5 23. h4 Bf5 24. Bg5 Qg6 25. Bxd8 Rxd8 26. Nc5 Bxc5 1-0

[Event "COL-chT rapid Online"]
[Site "Chess.com INT"]
[Date "2020.09.20"]
[Round "5.1"]
[White "Tovio, Israel"]
[Black "Ramos Ariza, Juan Manuel"]
[Result "1-0"]
[WhiteElo "2274"]
[BlackElo "1958"]
[PlyCount "89"]
[EventDate "2020.09.19"]
[EventType "team-tourn (rapid)"]
[EventRounds "5"]
[EventCountry "COL"]
[SourceTitle "CBM 198 Extra"]
[Source "ChessBase"]
[SourceDate "2020.11.30"]
[SourceVersion "1"]
[SourceVersionDate "2020.11.30"]
[SourceQuality "1"]
[WhiteTeam "Bolivar"]
[BlackTeam "Antioquia III"]
[WhiteTeamCountry "COL"]
[BlackTeamCountry "COL"]

1. e4 c5 2. Nf3 d6 3. c3 Nf6 4. h3 e6 5. Bd3 Be7 6. 0-0 0-0 7. Bc2 Nc6 8. d4 b6 9. Re1 e5 10. Bg5 h6 11. Bh4 Nh7 12. Bg3 cxd4 13. cxd4 Bf6 14. dxe5 Nxe5 15. Nd4 Bd7 16. Nc3 Rc8 17. Bb3 a6 18. Nd5 Nc4 19. Qe2 Bxd4 20. Bxc4 b5 21. Bb3 Qg5 22. Kh2 Bc5 23. f4 Qd8 24. Rad1 Re8 25. Qh5 Rf8 26. Bh4 g5 27. Bg3 Kg7 28. e5 dxe5 29. fxe5 Be6 30. Nf6 Qe7 31. h4 Bxb3 32. axb3 Bb4 33. Re4 Qe6 34. Rxb4 Nxf6 35. exf6+ Qxf6 36. Re4 Rfe8 37. Rde1 Rxe4 38. Rxe4 Rc5 39. b4 Rd5 40. Qe2 Kg6 41. h5+ Kh7 42. Re8 Qc6 43. Qe4+ Kg7 44. Be5+ f6 45. Qg6# 1-0

[Event "COL-chT rapid Online"]
[Site "Chess.com INT"]
[Date "2020.09.19"]
[Round "1.1"]
[White "Carrillo Parra, Miguel Alfredo"]
[Black "Tovio, Israel"]
[Result "1-0"]
[WhiteElo "2208"]
[BlackElo "2274"]
[PlyCount "109"]
[EventDate "2020.09.19"]
[EventType "team-tourn (rapid)"]
[EventRounds "5"]
[EventCountry "COL"]
[SourceTitle "CBM 198 Extra"]
[Source "ChessBase"]
[SourceDate "2020.11.30"]
[SourceVersion "1"]
[SourceVersionDate "2020.11.30"]
[SourceQuality "1"]
[WhiteTeam "Atlantico"]
[BlackTeam "Bolivar"]
[WhiteTeamCountry "COL"]
[BlackTeamCountry "COL"]

1. d4 Nf6 2. c4 e6 3. Nc3 c5 4. d5 exd5 5. cxd5 d6 6. e4 g6 7. Nge2 Bg7 8. Ng3 0-0 9. Be2 a6 10. a4 Re8 11. 0-0 Nbd7 12. Be3 h5 13. f3 Qc7 14. Qd2 c4 15. Rfc1 Ne5 16. a5 Bd7 17. Bb6 Qc8 18. Nd1 h4 19. Nf1 h3 20. g3 Bb5 21. Nfe3 Qd7 22. Nf2 Rac8 23. Rc3 Nh7 24. Rac1 Ng5 25. Neg4 Nh7 26. Bd4 f6 27. f4 Nf7 28. Bxc4 Bxc4 29. Rxc4 Rxc4 30. Rxc4 f5 31. Bxg7 Kxg7 32. Qc3+ Kg8 33. Rc7 Qxc7 34. Qxc7 fxg4 35. Qxb7 Nf6 36. Qxa6 Nxe4 37. Nxe4 Rxe4 38. Qc8+ Kg7 39. Qxg4 Ra4 40. Qxh3 Rxa5 41. Qg2 Ra1+ 42. Kf2 Nh6 43. g4 Ra4 44. Kg3 g5 45. Qc2 Rxf4 46. Qc7+ Nf7 47. h4 Re4 48. Qc3+ Ne5 49. Qc7+ Nf7 50. hxg5 Re5 51. Kh4 Rxd5 52. b4 Kg6 53. Qc2+ Kg7 54. Qc3+ Kg6 55. Qf6+ 1-0

[Event "Cartagena Region-ch"]
[Site "Cartagena"]
[Date "2020.02.22"]
[Round "1"]
[White "Tovio, Israel"]
[Black "Diaz Bermudez, Luis Fernando"]
[Result "1-0"]
[WhiteElo "2273"]
[BlackElo "1350"]
[PlyCount "43"]
[EventDate "2020.02.22"]
[EventType "swiss"]
[EventRounds "5"]
[EventCountry "COL"]
[SourceTitle "CBM 195 Extra"]
[Source "ChessBase"]
[SourceDate "2020.05.31"]
[SourceVersion "1"]
[SourceVersionDate "2020.05.31"]
[SourceQuality "1"]

1. e4 c5 2. Nf3 d6 3. Bb5+ Bd7 4. Bxd7+ Nxd7 5. 0-0 Ngf6 6. Qe2 e5 7. c3 Be7 8. d4 cxd4 9. cxd4 0-0 10. Nc3 a6 11. Rd1 exd4 12. Nxd4 Re8 13. Nf5 Qc7 14. Bf4 Ne5 15. Rac1 Qc4 16. Qe3 Qc5 17. Qxc5 dxc5 18. Bxe5 Ng4 19. Bxg7 Bg5 20. Rb1 f6 21. h3 Ne5 22. Nd5 1-0

[Event "COL-chT rapid"]
[Site "Cartagena"]
[Date "2019.11.29"]
[Round "2.4"]
[White "Tovio, Israel"]
[Black "Martinez, Jorge Alexander"]
[Result "1-0"]
[WhiteElo "2250"]
[BlackElo "2138"]
[PlyCount "85"]
[EventDate "2019.11.29"]
[EventType "team-swiss"]
[EventRounds "7"]
[EventCountry "COL"]
[SourceTitle "CBM 193 Extra"]
[Source "ChessBase"]
[SourceDate "2020.01.31"]
[SourceVersion "1"]
[SourceVersionDate "2020.01.31"]
[SourceQuality "1"]
[WhiteTeam "Bolivar"]
[BlackTeam "Santander"]
[WhiteTeamCountry "COL"]
[BlackTeamCountry "COL"]

1. e4 c5 2. Nf3 e6 3. d4 cxd4 4. Nxd4 a6 5. Bd3 Qc7 6. 0-0 Nf6 7. Qe2 d6 8. f4 Nbd7 9. c4 b6 10. Nc3 Bb7 11. Nf3 Rc8 12. Bd2 Be7 13. Rae1 Nc5 14. Bb1 e5 15. Nd5 Nxd5 16. exd5 f6 17. fxe5 dxe5 18. Nh4 g6 19. Bh6 Nd7 20. b3 b5 21. Rc1 bxc4 22. bxc4 a5 23. Qg4 Rg8 24. Nf5 Bc5+ 25. Kh1 Kf7 26. Nh4 Qd6 27. Nf3 Ke7 28. Nd2 f5 29. Qh4+ Nf6 30. Bg5 Rgf8 31. Qxh7+ Rf7 32. Qxg6 Bb4 33. Bxf5 Bxd2 34. Be6 Bxg5 35. Qxf7+ Kd8 36. Rxf6 Bxf6 37. Qxf6+ Kc7 38. Qf7+ Kb8 39. Bxc8 Bxc8 40. Rb1+ Ka8 41. Qe8 Qc5 42. Qb5 Qc7 43. Qb6 1-0

[Event "Sabadell Diada blitz op 16th"]
[Site "Sabadell"]
[Date "2019.09.11"]
[Round "4"]
[White "Valdes Romero, Leonardo"]
[Black "Tovio, Israel"]
[Result "1-0"]
[WhiteElo "2424"]
[BlackElo "2255"]
[PlyCount "124"]
[EventDate "2019.09.11"]
[EventType "swiss (blitz)"]
[EventRounds "9"]
[EventCountry "ESP"]
[SourceTitle "EXT 2020"]
[Source "ChessBase"]
[SourceDate "2019.10.17"]
[SourceVersion "1"]
[SourceVersionDate "2019.10.17"]
[SourceQuality "1"]

1. Nf3 d5 2. g3 c6 3. Bg2 Nf6 4. 0-0 Bf5 5. d3 e6 6. Nbd2 h6 7. Qe1 Be7 8. e4 Bh7 9. Ne5 Nbd7 10. Nxd7 Nxd7 11. f4 0-0 12. Kh1 Kh8 13. Qe2 dxe4 14. dxe4 f6 15. b3 e5 16. Bb2 Qc7 17. Rad1 exf4 18. gxf4 Rae8 19. a3 Nc5 20. Qf2 Bd6 21. Rde1 Ne6 22. f5 Bc5 23. Qf3 Ng5 24. Qg4 b5 25. h4 Nf7 26. Nf3 Bd6 27. Rg1 Ne5 28. Nxe5 Bxe5 29. Bc1 Bd4 30. Rgf1 Be5 31. Bf3 Rd8 32. Rg1 Qf7 33. Rg2 Rd7 34. Be3 Rfd8 35. Reg1 Bd4 36. Bxd4 Rxd4 37. Qxg7+ Qxg7 38. Rxg7 R4d7 39. Rxd7 Rxd7 40. Kh2 Bg8 41. Kg3 Rg7+ 42. Kf2 Rxg1 43. Kxg1 Kg7 44. Kf2 Kf8 45. e5 fxe5 46. Bxc6 a6 47. Ke3 Ke7 48. b4 Kf6 49. Bd7 Ba2 50. Bc8 Bb1 51. Kd2 e4 52. Bxa6 Kxf5 53. Bxb5 Kf4 54. Be2 Kg3 55. Ke3 Bxc2 56. h5 Kh4 57. b5 Ba4 58. b6 Bc6 59. a4 Kg5 60. a5 Kf5 61. Ba6 Ke5 62. b7 Kd5 1-0

[Event "Sabadell op 12th"]
[Site "Sabadell"]
[Date "2019.09.08"]
[Round "7"]
[White "Stella, Andrea"]
[Black "Tovio, Israel"]
[Result "1-0"]
[WhiteElo "2487"]
[BlackElo "2300"]
[PlyCount "75"]
[EventDate "2019.09.02"]
[EventType "swiss"]
[EventRounds "9"]
[EventCountry "ESP"]
[SourceTitle "EXT 2020"]
[Source "ChessBase"]
[SourceDate "2019.10.17"]
[SourceVersion "1"]
[SourceVersionDate "2019.10.17"]
[SourceQuality "1"]

1. d4 d5 2. c4 e6 3. Nc3 Be7 4. Nf3 Nf6 5. Bf4 0-0 6. a3 b6 7. e3 dxc4 8. Bxc4 Ba6 9. Bxa6 Nxa6 10. Qa4 Qc8 11. Qc6 Qe8 12. Ne5 Bd6 13. Qc4 Nb8 14. 0-0 a6 15. e4 Nh5 16. Be3 c5 17. Qe2 Nf6 18. Nc4 cxd4 19. Nxd6 Qc6 20. Bxd4 Qxd6 21. Bxf6 gxf6 22. Qg4+ Kh8 23. Qh4 Qe7 24. e5 Nd7 25. Ne4 Rg8 26. exf6 Qf8 27. Rad1 Rd8 28. Rd3 h6 29. f4 Kh7 30. Rfd1 Qe8 31. Ng5+ Kg6 32. Nf3 Kh7 33. Qf2 e5 34. fxe5 Qe6 35. Nd4 Qg4 36. Qf5+ Rg6 37. Qxg4 Rxg4 38. Nf3 1-0

[Event "Cartagena Bolivar Cup"]
[Site "Cartagena"]
[Date "2019.04.22"]
[Round "3.3"]
[White "Garcia Pantoja, Roberto"]
[Black "Tovio, Israel"]
[Result "1/2-1/2"]
[WhiteElo "2477"]
[BlackElo "2284"]
[PlyCount "120"]
[EventDate "2019.04.22"]
[EventType "swiss"]
[EventRounds "14"]
[EventCountry "COL"]
[SourceTitle "EXT 2024"]
[Source "ChessBase"]
[SourceDate "2023.10.10"]
[SourceVersion "1"]
[SourceVersionDate "2023.10.10"]
[SourceQuality "1"]

1. e4 c5 2. Nf3 Nf6 3. e5 Nd5 4. Nc3 e6 5. Nxd5 exd5 6. d4 Nc6 7. c3 d6 8. exd6 Bxd6 9. Be2 0-0 10. 0-0 Re8 11. Be3 cxd4 12. Nxd4 Nxd4 13. Qxd4 Be6 14. Bb5 Rf8 15. Rfe1 Qc7 16. h4 a6 17. Bd3 Be5 18. Qc5 Rfe8 19. Qxc7 Bxc7 20. Bd4 Bd8 21. g3 Bc7 22. a4 Bd7 23. Bc2 Rxe1+ 24. Rxe1 Re8 25. Rxe8+ Bxe8 26. b4 Bd7 27. Kg2 f6 28. Kf3 h6 29. a5 Kf7 30. Bb3 Bc6 31. Ke3 Ke6 32. Bd1 Be5 33. f4 Bd6 34. h5 Ke7 35. Bg4 Bd7 36. Bf3 Bc6 37. Bc5 Bxc5+ 38. bxc5 Kd7 39. Bg4+ Kc7 40. Kd4 Ba4 41. Kxd5 Bc6+ 42. Kd4 Be8 43. Bf3 Bf7 44. c6 b6 45. axb6+ Kxb6 46. g4 Be8 47. c7 Kxc7 48. Kc5 a5 49. Bd1 Bd7 50. f5 Be8 51. c4 Bc6 52. Be2 Bd7 53. Bf3 Be8 54. Be4 Bd7 55. Bf3 a4 56. Kb4 Kb6 57. c5+ Kc7 58. Bd1 Bc6 59. Be2 Bd7 60. Bf3 Bc6 1/2-1/2

[Event "Cartagena Bolivar Cup"]
[Site "Cartagena"]
[Date "2019.04.22"]
[Round "10.8"]
[White "Rivera, Ingris"]
[Black "Tovio, Israel"]
[Result "1/2-1/2"]
[WhiteElo "2114"]
[BlackElo "2284"]
[PlyCount "45"]
[EventDate "2019.04.22"]
[EventType "swiss"]
[EventRounds "14"]
[EventCountry "COL"]
[SourceTitle "EXT 2024"]
[Source "ChessBase"]
[SourceDate "2023.10.10"]
[SourceVersion "1"]
[SourceVersionDate "2023.10.10"]
[SourceQuality "1"]

1. e4 Nf6 2. Nc3 d6 3. Nf3 g6 4. d4 Bg7 5. Be2 0-0 6. 0-0 Nbd7 7. h3 e5 8. Be3 c6 9. Qd2 Qe7 10. dxe5 dxe5 11. Rad1 Re8 12. Qd3 Nc5 13. Qc4 Na6 14. Qb3 Be6 15. Bc4 Bxc4 16. Qxc4 Qe6 17. Qxe6 Rxe6 18. Bg5 Nb4 19. Bxf6 Bxf6 20. Rd7 b6 21. Rc1 Rd8 22. Rxa7 Be7 23. a3 1/2-1/2

[Event "Cartagena Bolivar Cup"]
[Site "Cartagena"]
[Date "2019.04.22"]
[Round "13.9"]
[White "Tovio, Israel"]
[Black "Franco Valencia, Beatriz Irene"]
[Result "1-0"]
[WhiteElo "2284"]
[BlackElo "2140"]
[PlyCount "81"]
[EventDate "2019.04.22"]
[EventType "swiss"]
[EventRounds "14"]
[EventCountry "COL"]
[SourceTitle "EXT 2024"]
[Source "ChessBase"]
[SourceDate "2023.10.10"]
[SourceVersion "1"]
[SourceVersionDate "2023.10.10"]
[SourceQuality "1"]

1. e4 c6 2. Nf3 d5 3. exd5 cxd5 4. Ne5 Nf6 5. d4 a6 6. Bd3 Nc6 7. c3 e6 8. Qe2 Bd6 9. 0-0 0-0 10. Nd2 Qc7 11. f4 b5 12. a3 Rb8 13. Ndf3 Ne7 14. Bd2 Bb7 15. Rae1 h6 16. Kh1 Ne4 17. g3 Rbe8 18. Be3 Nf5 19. Qg2 f6 20. Ng6 Rf7 21. Nd2 Nxd2 22. Bxd2 Qd7 23. Qe2 Rb8 24. Qxe6 Nxd4 25. Qxd7 Rxd7 26. cxd4 a5 27. Bxb5 Rc7 28. Bc3 Bxa3 29. Re2 Bc8 30. Bd3 Bg4 31. Ref2 Bd6 32. Nh4 Re8 33. Nf5 Bb4 34. Bxb4 axb4 35. Kg2 g6 36. Nh4 f5 37. Nf3 Re3 38. Bb1 b3 39. Ne5 Be2 40. Re1 Bf3+ 41. Nxf3 1-0

[Event "Cartagena Bolivar Cup"]
[Site "Cartagena"]
[Date "2019.04.22"]
[Round "4.3"]
[White "Tovio, Israel"]
[Black "Garcia Pantoja, Roberto"]
[Result "0-1"]
[WhiteElo "2284"]
[BlackElo "2477"]
[PlyCount "70"]
[EventDate "2019.04.22"]
[EventType "swiss"]
[EventRounds "14"]
[EventCountry "COL"]
[SourceTitle "EXT 2024"]
[Source "ChessBase"]
[SourceDate "2023.10.10"]
[SourceVersion "1"]
[SourceVersionDate "2023.10.10"]
[SourceQuality "1"]

1. e4 c6 2. d4 d5 3. Nc3 dxe4 4. Nxe4 Nf6 5. Ng3 h5 6. h4 Bg4 7. Be2 e6 8. Nf3 Bd6 9. Bg5 Qc7 10. Bxf6 gxf6 11. Ne4 Be7 12. Qd2 Nd7 13. 0-0-0 0-0-0 14. Nh2 f5 15. Ng5 Bd6 16. g3 Nf6 17. Nxg4 hxg4 18. Kb1 c5 19. Qc3 Nd5 20. Qb3 cxd4 21. Bc4 Nb6 22. Bxe6+ fxe6 23. Nxe6 Qc6 24. Nxd8 Rxd8 25. Qe6+ Kb8 26. Qxf5 Nc4 27. Qd3 Be5 28. h5 Bg7 29. Rde1 Qb5 30. Kc1 Qxb2+ 31. Kd1 Ne5 32. Qe4 d3 33. cxd3 Rxd3+ 34. Qxd3 Nxd3 35. Re8+ Kc7 0-1

[Event "COL-ch sf1"]
[Site "Medellin"]
[Date "2019.04.18"]
[Round "5"]
[White "Tovio, Israel"]
[Black "Zapata Cuartas, Juan Carlos"]
[Result "1-0"]
[WhiteElo "2288"]
[BlackElo "2101"]
[PlyCount "93"]
[EventDate "2019.04.16"]
[EventType "swiss"]
[EventRounds "10"]
[EventCountry "COL"]
[SourceTitle "CBM 190 Extra"]
[Source "ChessBase"]
[SourceDate "2019.07.15"]
[SourceVersion "1"]
[SourceVersionDate "2019.07.15"]
[SourceQuality "1"]

1. e4 c5 2. Nf3 d6 3. Bb5+ Nd7 4. 0-0 a6 5. Bxd7+ Bxd7 6. d4 cxd4 7. Qxd4 e5 8. Qd3 h6 9. a4 Nf6 10. a5 Be7 11. c4 Qc7 12. Nc3 0-0 13. Be3 Be6 14. b3 Nd7 15. Nd5 Bxd5 16. cxd5 Rfc8 17. Rfc1 Qd8 18. Rxc8 Rxc8 19. Nd2 Bg5 20. Bxg5 Qxg5 21. Nc4 Nc5 22. Qc2 Qd8 23. Nxd6 Qxd6 24. b4 Rc7 25. bxc5 Rxc5 26. Qd2 Rc4 27. Qe2 Qc5 28. h3 Qb4 29. f3 Rd4 30. Kh2 Rd2 31. Qf1 Qb2 32. Rd1 Rf2 33. Qg1 Qc2 34. Rf1 Re2 35. Kh1 Qb2 36. Re1 Rd2 37. Rb1 Qa2 38. Ra1 Qb2 39. Rc1 Qa2 40. Qh2 Qb2 41. Rg1 g6 42. Qg3 Kg7 43. Qg4 h5 44. Qg5 Qc3 45. Qe7 Qd4 46. Qxb7 Ra2 47. Qxa6 1-0

[Event "COL-ch"]
[Site "Bogota"]
[Date "2018.11.08"]
[Round "4"]
[White "Tovio, Israel"]
[Black "Herrera, Juan Sebastian"]
[Result "1-0"]
[WhiteElo "2237"]
[BlackElo "2292"]
[PlyCount "83"]
[EventDate "2018.11.06"]
[EventType "swiss"]
[EventRounds "9"]
[EventCountry "COL"]
[SourceTitle "CBM 187 Extra"]
[Source "ChessBase"]
[SourceDate "2018.11.04"]
[SourceVersion "1"]
[SourceVersionDate "2018.11.04"]
[SourceQuality "1"]

1. e4 c5 2. Nf3 e6 3. d4 cxd4 4. Nxd4 a6 5. Nc3 Qc7 6. Bd3 Nc6 7. Nxc6 dxc6 8. 0-0 e5 9. Be3 Nf6 10. Na4 Nd7 11. c4 b5 12. cxb5 axb5 13. Nc3 Bc5 14. Nxb5 cxb5 15. Rc1 Qb6 16. Rxc5 Nxc5 17. b4 0-0 18. Bxc5 Qd8 19. Bxf8 Qxf8 20. Bxb5 Qxb4 21. Qd5 Qa3 22. Qd8+ Qf8 23. Qc7 Rxa2 24. Rd1 Ba6 25. Qa7 Bxb5 26. Qxa2 Qe7 27. Qa7 Qe6 28. Qb8+ Be8 29. Rd6 Qe7 30. Qd8 Kf8 31. Qxe7+ Kxe7 32. Rb6 Ba4 33. f3 h5 34. Kf2 h4 35. Ke3 Bd7 36. f4 exf4+ 37. Kxf4 f6 38. e5 fxe5+ 39. Kxe5 Bc8 40. Rc6 Bd7 41. Rc7 h3 42. g3 1-0

[Event "COL-ch"]
[Site "Bogota"]
[Date "2018.11.07"]
[Round "3"]
[White "Sepulveda, Julio Orlando"]
[Black "Tovio, Israel"]
[Result "0-1"]
[WhiteElo "2033"]
[BlackElo "2237"]
[PlyCount "88"]
[EventDate "2018.11.06"]
[EventType "swiss"]
[EventRounds "9"]
[EventCountry "COL"]
[SourceTitle "CBM 187 Extra"]
[Source "ChessBase"]
[SourceDate "2018.11.04"]
[SourceVersion "1"]
[SourceVersionDate "2018.11.04"]
[SourceQuality "1"]

1. e4 c5 2. Nf3 Nf6 3. Nc3 d5 4. exd5 Nxd5 5. Bc4 Nxc3 6. bxc3 e6 7. 0-0 Be7 8. Re1 0-0 9. d4 Nd7 10. a4 Qc7 11. Bd3 Nf6 12. Bd2 b6 13. Ne5 Bb7 14. Re3 g6 15. Rh3 Rad8 16. Be3 cxd4 17. cxd4 Be4 18. c4 Bxd3 19. Nxd3 Qxc4 20. Rc1 Qd5 21. Rb1 Ne4 22. Qe1 Bf6 23. Rb5 Qc6 24. Ne5 Bxe5 25. Rxe5 f6 26. Rb5 Nd6 27. Rb4 Nf5 28. Qb1 Rd5 29. g4 Nxe3 30. Rxe3 Rfd8 31. Qe1 e5 32. f4 a5 33. Rb1 Rxd4 34. fxe5 fxe5 35. h3 Rd2 36. Re2 Qc5+ 37. Kg2 Qc2 38. Rxd2 Rxd2+ 39. Kg3 Qd3+ 40. Kh4 g5+ 41. Kxg5 Qg6+ 42. Kh4 Qh6+ 43. Kg3 Qf4+ 44. Kh4 Rd6 0-1

[Event "COL-ch"]
[Site "Bogota"]
[Date "2018.11.06"]
[Round "1"]
[White "Moreno, Julian David"]
[Black "Tovio, Israel"]
[Result "0-1"]
[WhiteElo "1825"]
[BlackElo "2237"]
[PlyCount "84"]
[EventDate "2018.11.06"]
[EventType "swiss"]
[EventRounds "9"]
[EventCountry "COL"]
[SourceTitle "CBM 187 Extra"]
[Source "ChessBase"]
[SourceDate "2018.11.04"]
[SourceVersion "1"]
[SourceVersionDate "2018.11.04"]
[SourceQuality "1"]

1. d4 Nf6 2. Nf3 e6 3. Nbd2 d5 4. e3 c5 5. Bb5+ Nc6 6. 0-0 Qb6 7. c4 Bd6 8. Nb3 dxc4 9. Bxc4 cxd4 10. Nbxd4 Nxd4 11. Qxd4 Qxd4 12. Nxd4 a6 13. a4 e5 14. Ne2 Bf5 15. Rd1 Ke7 16. Bb3 Rac8 17. f3 Bc2 18. Bxc2 Rxc2 19. Nc3 Bb4 20. Rd2 Rxd2 21. Bxd2 Rd8 22. Be1 Rd3 23. e4 Ke6 24. Kf1 Nh5 25. Nd5 Bxe1 26. Kxe1 Nf4 27. Nxf4+ exf4 28. Ke2 Rb3 29. Rb1 Ke5 30. Kd2 Rb6 31. Kd3 Rh6 32. Rh1 Rd6+ 33. Kc3 Rg6 34. Rg1 h5 35. h4 Rg3 36. Kc4 f6 37. b4 g5 38. Kc5 g4 39. Rd1 Rxg2 40. Rd5+ Ke6 41. Rxh5 gxf3 42. Rd5 f2 0-1

[Event "COL pre olympic sf3"]
[Site "Dosquebradas"]
[Date "2018.06.02"]
[Round "7"]
[White "Tovio, Israel"]
[Black "Buitrago, Juan Carlos"]
[Result "1/2-1/2"]
[WhiteElo "2280"]
[BlackElo "2018"]
[PlyCount "99"]
[EventDate "2018.05.30"]
[EventType "swiss"]
[EventRounds "10"]
[EventCountry "COL"]
[SourceTitle "CBM 184 Extra"]
[Source "ChessBase"]
[SourceDate "2018.06.28"]
[SourceVersion "1"]
[SourceVersionDate "2018.06.28"]
[SourceQuality "1"]

1. e4 e5 2. Nf3 Nc6 3. d4 exd4 4. Nxd4 Nf6 5. Nc3 Bb4 6. Nxc6 bxc6 7. Bd3 d5 8. exd5 cxd5 9. 0-0 0-0 10. h3 c6 11. Qf3 Be6 12. Ne2 c5 13. c3 Ba5 14. Bg5 h6 15. Bh4 Bc7 16. Rfe1 Re8 17. Rad1 Rb8 18. b3 a5 19. Bc2 Bd6 20. Ng3 g5 21. Nf5 Bxf5 22. Rxe8+ Qxe8 23. Qxf5 Qe5 24. Qxe5 Bxe5 25. Bg3 Bxg3 26. fxg3 Re8 27. Kf2 Re5 28. a3 Kf8 29. b4 cxb4 30. axb4 axb4 31. cxb4 Ke7 32. Ra1 Ne4+ 33. Kf3 h5 34. Ra7+ Ke6 35. Ra6+ Ke7 36. Ra7+ Ke6 37. b5 Nd2+ 38. Kf2 Ne4+ 39. Bxe4 Rxe4 40. b6 Rb4 41. b7 f6 42. Ke3 Ke5 43. Kd3 Rb3+ 44. Kc2 Rb4 45. Kc3 Rb5 46. Kd3 Rb3+ 47. Kc2 Rb4 48. Kd2 Rb2+ 49. Kc3 Rb5 50. Kd3 1/2-1/2